| 000 | 00406nam a2200145Ia 4500 | ||
|---|---|---|---|
| 008 | 220803s9999 xx 000 0 und d | ||
| 020 | _a9780415539302 | ||
| 041 | _aeng | ||
| 082 | _a307.1'216 FRI | ||
| 100 |
_aFriedman A _925798 |
||
| 245 | _aPlanning Small And Mid-Sized Towns : Designing And Retrofitting For Sustainability | ||
| 260 |
_aNew York _bRoutledge _c2014 |
||
| 300 | _a226p | ||
| 500 | _aARCHI | ||
| 999 |
_c16529 _d16529 |
||